| 000 | 08624nam a22005177a 4500 | ||
|---|---|---|---|
| 005 | 20090806103042.0 | ||
| 010 | _aHIN-87581 | ||
| 020 |
_c400.00 _a9788126024438 |
||
| 035 | _aHN-59927 | ||
| 035 | _aB-392256-275 | ||
| 037 | _bDBAD / VEN नार्थ इण्डिया पब्लिशर्स एण्ड डिस्ट्रीब्यूटर्स | ||
| 037 | _bनार्थ इण्डिया पब्लिशर्स एण्ड डिस्ट्रीब्यूटर्स / VEN | ||
| 082 | _a821.08 | ||
| 245 |
_aवीर विनोदः _cचन्द्र प्रकाश देवल द्वारा संपादित एवं व्याख्या _b(महाभारत के कर्ण पर्व पर आधारित काव्य) / |
||
| 246 |
_aViira Vinod _bedited by Chandra Prakash Deval |
||
| 260 |
_aनयी दिल्ली _bसाहित्य अकादेमी _c2009 |
||
| 270 |
_aरवीन्द्र भवन, 35, फ़ीरोज़शाह मार्ग _bनयी दिल्ली _e11001 |
||
| 300 |
_a523पृ. _c22सेमी (सजिल्द) |
||
| 500 | _aस्वामी गणेश (पद्मसिंह) द्वारा प्रणीत | ||
| 650 |
_aहिन्दी कविता _xइतिहास एवं समालोचना _923097 |
||
| 650 |
_aHindi poetry _xHistory and criticism _923098 |
||
| 700 |
_aदेवल, चन्द्र प्रकाश _923035 |
||
| 942 |
_2ddc _cHN _mवीरवि _h821.08 |
||
| 999 |
_c28934 _d28934 |
||